Industrial design techniques and materials / (Record no. 353788)

000 -LEADER
fixed length control field 01848nam a2200337 a 4500
001 - CONTROL NUMBER
control field ASIN2080305190
003 - CONTROL NUMBER IDENTIFIER
control field OSt
005 - DATE AND TIME OF LATEST TRANSACTION
control field 20180116192418.0
008 - FIXED-LENGTH DATA ELEMENTS--GENERAL INFORMATION
fixed length control field 130805s2006 xxu eng d
020 ## - INTERNATIONAL STANDARD BOOK NUMBER
International Standard Book Number 2080305190 (hardcover)
Terms of availability $39.95
020 ## - INTERNATIONAL STANDARD BOOK NUMBER
International Standard Book Number 9782080305190 (hardcover)
040 ## - CATALOGING SOURCE
Transcribing agency 00
050 04 - LIBRARY OF CONGRESS CALL NUMBER
Classification number TS171
082 04 - DEWEY DECIMAL CLASSIFICATION NUMBER
Classification number 745.2
245 00 - TITLE STATEMENT
Title Industrial design techniques and materials /
Statement of responsibility, etc. Raymond Guidot, Jean-Baptiste Toulard, Jean Grenier, Jean-Jacques Salomon.
250 ## - EDITION STATEMENT
Edition statement FLAMMARION ed.
260 ## - PUBLICATION, DISTRIBUTION, ETC.
Place of publication, distribution, etc. :
Name of publisher, distributor, etc. Flammarion,
Date of publication, distribution, etc. 2006.
300 ## - PHYSICAL DESCRIPTION
Extent 352 p. ;
Dimensions 22 cm.
520 ## - SUMMARY, ETC.
Summary, etc. This comprehensive work traces the history of design materials, from the origins of mass production during the Industrial Revolution to contemporary use of wood, metals, and synthetics as well as their potential applications for the future. This exhaustive reference covers late nineteenth-century design implications, contemporary design materials and their uses, and design trends—from the influences of information technology on design conception to ecological design considerations. Raymond Guidot (editor), an eminent design theorist, has organized exhibitions at the Centre Georges Pompidou's Center for Industrial Creation and he has written and contributed to numerous books and exhibition catalogs on design.
650 #0 - SUBJECT ADDED ENTRY--TOPICAL TERM
Topical term or geographic name entry element Computer-aided design
9 (RLIN) 6915
650 #0 - SUBJECT ADDED ENTRY--TOPICAL TERM
Topical term or geographic name entry element Design and technology
9 (RLIN) 6916
650 #0 - SUBJECT ADDED ENTRY--TOPICAL TERM
Topical term or geographic name entry element Industrial design
9 (RLIN) 6917
650 #0 - SUBJECT ADDED ENTRY--TOPICAL TERM
Topical term or geographic name entry element Materials--Technological innovations
9 (RLIN) 6918
700 1# - ADDED ENTRY--PERSONAL NAME
Personal name Grenier, Jean.
9 (RLIN) 6919
700 1# - ADDED ENTRY--PERSONAL NAME
Personal name Guidot, Raymond.
9 (RLIN) 6920
700 1# - ADDED ENTRY--PERSONAL NAME
Personal name Salomon, Jean-Jacques.
9 (RLIN) 6921
700 1# - ADDED ENTRY--PERSONAL NAME
Personal name Toulard, Jean-Baptiste.
9 (RLIN) 6922
856 40 - ELECTRONIC LOCATION AND ACCESS
Materials specified Amazon.com
Uniform Resource Identifier <a href="http://www.amazon.com/exec/obidos/ASIN/2080305190/chopaconline-20">http://www.amazon.com/exec/obidos/ASIN/2080305190/chopaconline-20</a>
942 ## - ADDED ENTRY ELEMENTS (KOHA)
Source of classification or shelving scheme
Koha item type Book
Holdings
Withdrawn status Lost status Source of classification or shelving scheme Damaged status Not for loan Permanent Location Current Location Date acquired Total Checkouts Total Renewals Full call number Barcode Date last seen Date last checked out Cost, replacement price Price effective from Koha item type
          School of Art Design and Architecture (SADA) School of Art Design and Architecture (SADA) 06/20/2013 3 1 745.2 IND 2006 SADA0002061 08/10/2016 07/26/2016 3459.19 08/06/2013 Book
© 2023 Central Library, National University of Sciences and Technology. All Rights Reserved.